01125 2200349 4500001002100000005001500021035002000036007000300056008004100059020002200100040002200122082001700144084001900161090002200180100004000202245012300242250003400365300004400399650001600443700002900459700003000488700003000518700003000548850001200578504003200590264003500622336002100657337003000678338002300708999002200731990002200753INLIS00000000087166520220809113643 a0010-0822000270ta220809s2022 yoia g ind d a978-623-6071-84-7 aYOPDYOGbinderda04223a616.8914 a616.8914 TRI t aCB-D.11 2022-05140 aTriantoro Safariad1974-epengarang10aTerapi kognitif untuk anak /cTriantoro Safaria; penyunting, Budi Asyhari, Fadhlurrahman, Iman Sumarlan, Hardi Santosa aCetakan pertama, Januari 2022 axiv, 234 halamanc23 cmtabel, gambar ; 4aPsikoterapi0 aBudi Asyhariepenyunting0 aFadhlurrahmanepenyunting0 aIman Sumarlanepenyunting0 aHardi Santosaepenyunting aYOPDYOG aBibliografi halaman 201-20731aYogyakarta :bUAD Press,c2022 2rdacontentateks 2rdamediaatanpa perantara 2rdacarrieravolume aCB-D.11/2022-0514 aCB-D.11/2022-0514